| 000 | 00901nam a2200277 i 4500 | ||
|---|---|---|---|
| 003 | IT-RoINE | ||
| 005 | 20171009071827.0 | ||
| 008 | 040913s2004 it |r 001 p|mul|d | ||
| 020 | _a8836808654 | ||
| 040 | _cIT-RoINE | ||
| 041 | 1 |
_aspa _aita |
|
| 100 | 1 |
_aNeruda, Pablo, _4aut _933524 _d1904-1973 |
|
| 240 |
_aCanto general. _lItaliano |
||
| 245 | 1 | 0 |
_aAlture di Macchu Picchu / _cPablo Neruda ; a cura di Giuseppe Bellini. |
| 260 |
_aAntella, °Bagno a Ripoli! : _bPassigli, _c2004. |
||
| 300 |
_a69 p. ; _c19 cm. |
||
| 336 |
_2rdacontent _atext |
||
| 337 |
_2rdamedia _aunmediated |
||
| 338 |
_2rdacarrier _avolume |
||
| 490 | 1 | _aLe Occasioni. Piccola Biblioteca Passigli | |
| 500 | _aIncluye índice. | ||
| 546 | _aTexto en español y traducción en italiano. | ||
| 700 | 1 |
_aBellini, Giuseppe, _d1923- _939993 |
|
| 830 | 3 |
_aOccasioni. _pPiccola Biblioteca Passigli _933269 |
|
| 942 | _cMTS | ||
| 999 |
_c20224 _d20224 |
||